The Art Of Captaincy (Record no. 41124)

MARC details
000 -LEADER
fixed length control field 00291nam a2200121Ia 4500
008 - FIXED-LENGTH DATA ELEMENTS--GENERAL INFORMATION
fixed length control field 240719s9999 xx 000 0 und d
041 ## - LANGUAGE CODE
Language code of text/sound track or separate title eng
082 ## - DEWEY DECIMAL CLASSIFICATION NUMBER
Classification number 828 BRE
100 ## - MAIN ENTRY--PERSONAL NAME
Personal name Brearley, Mike
245 ## - TITLE STATEMENT
Title The Art Of Captaincy
260 ## - PUBLICATION, DISTRIBUTION, ETC.
Place of publication, distribution, etc. London
Name of publisher, distributor, etc. Pan Books
Date of publication, distribution, etc. 1985
300 ## - PHYSICAL DESCRIPTION
Extent 386 P.; 20 Cm.
Holdings
Withdrawn status Lost status Damaged status Not for loan Home library Current library Shelving location Date acquired Total Checkouts Full call number Barcode Date due Date last seen Date last checked out Price effective from Koha item type
        IMTN IMTN Rack 42-A 01/19/2022 3 828 BRE 32819 01/20/2026 01/10/2026 01/10/2026 07/19/2024 Books
Designed & Maintained by: LRC IMT Nagpur Contact: lrc@imtnag.ac.in© 2024. All Rights Reserved.